Análisis hidrológico e hidráulico del drenaje pluvial del cauce villa Canadá - Managua.
Presenta el análisis hidrológico e hidráulico del drenaje pluvial del cauce villa Canada - Managua en el cual se realizó un estudio hidrológico del cuenca del cauce en estudio, así como una simulación hidrológica haciendo uso del software HEC-HMS 3.5.
| Main Authors: | , , |
|---|---|
| Other Authors: | |
| Format: | Tesis Section = Libro |
| Language: | Undetermined Spanish |
| Published: |
Managua
UNI
2013
|
| Subjects: |
| LEADER | 01089nam a2200265Ia 4500 | ||
|---|---|---|---|
| 008 | 240830s9999 xx 000 0 und d | ||
| 040 | |a BIBLIOTECA-RUPAP Mon 627 M971 | ||
| 041 | |a spa | ||
| 082 | |a Mon 627 M971 | ||
| 100 | 1 | |a Muñoz Pérez, Jairo Ramón | |
| 100 | 1 | |b Silva Paredes, Oscar Danie | |
| 100 | 1 | |c Pérez Rivas, Mikeline Amparo | |
| 245 | 1 | 0 | |a Análisis hidrológico e hidráulico del drenaje pluvial del cauce villa Canadá - Managua. |
| 260 | |a Managua |b UNI |c 2013 | ||
| 300 | |a 140 p. :il. | ||
| 500 | |a Contiene: anexos. | ||
| 502 | |a Tesis (Ingeniero Civil)- UNI, 2013. | ||
| 520 | 3 | |a Presenta el análisis hidrológico e hidráulico del drenaje pluvial del cauce villa Canada - Managua en el cual se realizó un estudio hidrológico del cuenca del cauce en estudio, así como una simulación hidrológica haciendo uso del software HEC-HMS 3.5. | |
| 650 | 7 | |a ANALISIS HIROLOGICO | |
| 650 | 7 | |b ANALISIS HIDRAULICO | |
| 650 | 7 | |c DRENAJE PLUVIAL. | |
| 700 | 1 | |a Tutor: |b Baltodano Maldonado, José Ángel | |
| 942 | |c BK |2 ddc | ||
| 991 | |a TESIS | ||
| 999 | |c 16179 | ||